|
|
|
|
| LEADER |
01403nam a2200301 a 4500 |
| 001 |
3980957 |
| 008 |
091209s1982 nyua b 000 0 eng d |
| 020 |
|
|
|a 0195032241 (clothbound)
|
| 020 |
|
|
|a 019503225X (paperback)
|
| 040 |
|
|
|a UGA
|c UGA
|d NNC-M
|d BD-DhAAL
|
| 082 |
0 |
0 |
|a 338.9
|2 19
|
| 245 |
0 |
0 |
|a World development report 1982.
|
| 260 |
|
|
|a New York ;
|a Oxford :
|b Published for the World Bank, Oxford University Press,
|c c1982.
|
| 300 |
|
|
|a x, 172 p. :
|b ill. (some col.), maps ;
|c 27 cm.
|
| 500 |
|
|
|a Subtitle: "International development trends, Agriculture and economic development, World development indicators."--Cover.
|
| 504 |
|
|
|a Includes bibliographical references.
|
| 541 |
1 |
|
|e 00015674
|
| 650 |
|
0 |
|a Economic development.
|
| 650 |
|
0 |
|a Power resources
|
| 650 |
|
2 |
|a Social Conditions.
|
| 650 |
|
2 |
|a Public Policy.
|
| 651 |
|
0 |
|a Developing countries.
|
| 651 |
|
2 |
|a Developing Countries.
|
| 710 |
2 |
|
|a World Bank
|
| 852 |
4 |
|
|a Ayesha Abed Library
|j General shelf
|
| 999 |
|
|
|c 6141
|d 6141
|
| 952 |
|
|
|0 0
|1 0
|2 ddc
|4 0
|6 338_900000000000000_WOR_1982
|7 0
|9 6137
|a BRACUL
|b BRACUL
|c GEN
|d 2009-12-15
|g 0.00
|l 0
|o 338.9 WOR
|p 3010015674
|r 2009-12-15
|t 1
|w 2009-12-15
|y BK
|x No price found in the accession register.
|
| 952 |
|
|
|0 0
|1 0
|2 ddc
|4 0
|6 338_900000000000000_WOR_1982
|7 0
|9 6246
|a BRACUL
|b BRACUL
|c GEN
|d 2009-12-20
|g 0.00
|l 0
|o 338.9 WOR
|p 3010000129
|r 2009-12-20
|t 1
|w 2009-12-20
|y BK
|x No price found in the accession register.
|